ARRUPE JESUIT UNIVERSITY

CORONAVIRUS -STOP THE SPREAD - CLEAN,DISINFECT,COVER

Rev. James D. McManus : (Record no. 129948)

MARC details
000 -LEADER
fixed length control field 01590cam a2200409 a 4500
001 - CONTROL NUMBER
control field 14785475
003 - CONTROL NUMBER IDENTIFIER
control field ARRUPE
005 - DATE AND TIME OF LATEST TRANSACTION
control field 20191017111137.0
008 - FIXED-LENGTH DATA ELEMENTS--GENERAL INFORMATION
fixed length control field 070327s2007 paua 001 0beng d
010 ## - LIBRARY OF CONGRESS CONTROL NUMBER
LC control number 2007296092
020 ## - INTERNATIONAL STANDARD BOOK NUMBER
International Standard Book Number 9780979246302
020 ## - INTERNATIONAL STANDARD BOOK NUMBER
International Standard Book Number 097924630X
035 ## - SYSTEM CONTROL NUMBER
System control number (OCoLC)ocm85784244
035 ## - SYSTEM CONTROL NUMBER
System control number (OCoLC)85784244
040 ## - CATALOGING SOURCE
Original cataloging agency PIT
Transcribing agency PIT
Modifying agency DLC
042 ## - AUTHENTICATION CODE
Authentication code lccopycat
043 ## - GEOGRAPHIC AREA CODE
Geographic area code n-us-sc
050 00 - LIBRARY OF CONGRESS CALL NUMBER
Classification number F279.P25
Item number .W37 2007
082 00 - DEWEY DECIMAL CLASSIFICATION NUMBER
Classification number 323.092
-- B
Edition number 22
300 ## - PHYSICAL DESCRIPTION
Other physical details ill. ;
Dimensions 23 cm.
100 1# - MAIN ENTRY--PERSONAL NAME
Personal name Wahrhaftig, Paul.
9 (RLIN) 48436
245 10 - TITLE STATEMENT
Title Rev. James D. McManus :
Remainder of title the civil rights years : the movement in microcosm /
Statement of responsibility, etc by Paul Wahrhaftig.
246 3# - VARYING FORM OF TITLE
Title proper/short title Reverend James D. McManus
260 ## - PUBLICATION, DISTRIBUTION, ETC. (IMPRINT)
Place of publication, distribution, etc PIttsburgh, Pa. :
Name of publisher, distributor, etc Fickle Press,
Date of publication, distribution, etc 2007.
300 ## - PHYSICAL DESCRIPTION
Extent 190 p. :
500 ## - GENERAL NOTE
General note Includes index.
600 10 - SUBJECT ADDED ENTRY--PERSONAL NAME
Personal name McManus, James D.,
Dates associated with a name 1931-1993.
9 (RLIN) 48437
610 20 - SUBJECT ADDED ENTRY--CORPORATE NAME
Corporate name or jurisdiction name as entry element American Friends Service Committee.
9 (RLIN) 48438
650 #0 - SUBJECT ADDED ENTRY--TOPICAL TERM
Topical term or geographic name as entry element African American civil rights workers
Geographic subdivision South Carolina
-- Pageland
Form subdivision Biography.
9 (RLIN) 48439
650 #0 - SUBJECT ADDED ENTRY--TOPICAL TERM
Topical term or geographic name as entry element Civil rights workers
Geographic subdivision South Carolina
-- Pageland
Form subdivision Biography.
9 (RLIN) 48440
650 #0 - SUBJECT ADDED ENTRY--TOPICAL TERM
Topical term or geographic name as entry element African Americans
General subdivision Civil rights
-- History
Chronological subdivision 20th century.
9 (RLIN) 17034
650 #0 - SUBJECT ADDED ENTRY--TOPICAL TERM
Topical term or geographic name as entry element Civil rights movements
Geographic subdivision United States
General subdivision History
Chronological subdivision 20th century.
9 (RLIN) 48441
651 #0 - SUBJECT ADDED ENTRY--GEOGRAPHIC NAME
Geographic name Pageland (S.C.)
General subdivision Social conditions.
9 (RLIN) 48442
856 41 - ELECTRONIC LOCATION AND ACCESS
Materials specified Table of contents only
Uniform Resource Identifier <a href="http://www.loc.gov/catdir/toc/fy0709/2007296092.html">http://www.loc.gov/catdir/toc/fy0709/2007296092.html</a>
906 ## - LOCAL DATA ELEMENT F, LDF (RLIN)
a 7
b cbc
c copycat
d 2
e ncip
f 20
g y-gencatlg
942 ## - ADDED ENTRY ELEMENTS (KOHA)
Source of classification or shelving scheme Library of Congress Classification
Koha item type Monograph ( Printed materials)
Holdings
Withdrawn status Lost status Source of classification or shelving scheme Damaged status Not for loan Collection code Home library Current library Shelving location Date acquired Total Checkouts Full call number Barcode Date last seen Price effective from Koha item type
    Library of Congress Classification     Main Collection ARRUPE LIBRARY ARRUPE LIBRARY Main Collection 17/10/2019   F279.P25 .W37 2007 46600005580 17/10/2019 17/10/2019 Monograph ( Printed materials)

 

Arrupe Library. PO Box MP320 Mt Pleasant, Harare, Zimbabwe
263 242 745411|librarian@aju.ac.zw